Organisace finančního, provozního, skladního, mzdového, investičního účetnictví průmyslových podniků podle směrné účtové osnovy ČSR
Guardado en:
| Formato: | Libro |
|---|---|
| Lenguaje: | checo |
| Publicado: |
Kolín
Dvorko
1947
|
| Etiquetas: |
Sin Etiquetas, Sea el primero en etiquetar este registro!
|
MARC
| LEADER | 00000nam a2200000 4500 | ||
|---|---|---|---|
| 001 | 0308321 | ||
| 005 | 20260317093654.5 | ||
| 041 | 0 | |a cze | |
| 044 | |a CZ | ||
| 245 | 1 | 0 | |a Organisace finančního, provozního, skladního, mzdového, investičního účetnictví průmyslových podniků podle směrné účtové osnovy ČSR |c Jiří Dvořáček |
| 264 | 1 | |a Kolín |b Dvorko |c 1947 | |